[Event "52nd Rubinstein Mem"]
[Site "Polanica Zdroj POL"]
[Date "2016.08.20"]
[Round "1.24"]
[White "Wisniewski, Michal"]
[Black "Korpalski, Maciej"]
[Result "1-0"]
[WhiteElo "2197"]
[BlackElo "1915"]
[WhiteFideId "1159682"]
[BlackFideId "1126199"]
[EventDate "2016.08.20"]

1. d4 Nf6 2. Nf3 g6 3. Bf4 Bg7 4. e3 O-O 5. h3 d6 6. Be2 b6 7. O-O c5 8. c3 Bb7
9. a4 a6 10. Nbd2 Nbd7 11. Re1 Re8 12. Bh2 Bc6 13. Qb3 e5 14. dxe5 dxe5 15. Nc4
Nd5 16. Rad1 b5 17. axb5 axb5 18. Nd6 c4 19. Bxc4 bxc4 20. Qxc4 N7b6 21. Qxc6
Re6 22. Nxf7 Kxf7 23. Qb5 Qe7 24. Rxd5 Nxd5 25. Qxd5 Rd8 26. Qc4 Kf8 27. Ng5
Red6 28. Nxh7+ Ke8 29. h4 Bh8 30. Ng5 Kf8 31. Bg3 Bf6 32. Qg4 Rb8 33. Ne4 Rdb6
34. Qxg6 Bxh4 35. Qf5+ Bf6 36. Nxf6 Rxf6 37. Qxe5 1-0

[Event "52nd Rubinstein Mem"]
[Site "Polanica Zdroj POL"]
[Date "2016.08.20"]
[Round "1.25"]
[White "Kmak, Wieslaw"]
[Black "Chmiel, Marcin"]
[Result "0-1"]
[WhiteElo "1907"]
[BlackElo "2194"]
[WhiteFideId "1110470"]
[BlackFideId "1135503"]
[EventDate "2016.08.20"]

1. d4 Nf6 2. Nf3 d5 3. e3 c5 4. b3 Nc6 5. Bb2 cxd4 6. exd4 g6 7. Nbd2 Bg7 8. a3
O-O 9. Bd3 Nh5 10. O-O Nf4 11. Bb5 Qb6 12. Bxc6 bxc6 13. Re1 c5 14. dxc5 Qxc5
15. Bxg7 Kxg7 16. Nf1 Rd8 17. Qd4+ Qxd4 18. Nxd4 Kf6 19. Nc6 Rd6 20. Nd4 e5 21.
Nf3 Ba6 22. Rxe5 Rc8 23. c4 dxc4 24. N1d2 Rxd2 25. Re4 Ne2+ 26. Kf1 c3 27. Nxd2
cxd2 28. Rc4 Rxc4 29. bxc4 Nc1 0-1

[Event "52nd Rubinstein Mem"]
[Site "Polanica Zdroj POL"]
[Date "2016.08.21"]
[Round "2.1"]
[White "Cyborowski, Lukasz"]
[Black "Wisniewski, Michal"]
[Result "1-0"]
[WhiteTitle "GM"]
[WhiteElo "2526"]
[BlackElo "2197"]
[WhiteFideId "1108760"]
[BlackFideId "1159682"]
[EventDate "2016.08.20"]

1. c4 Nf6 2. Nc3 e5 3. Nf3 Nc6 4. d4 exd4 5. Nxd4 Bb4 6. Bg5 h6 7. Bh4 Ne5 8.
Qb3 Bxc3+ 9. Qxc3 Ng6 10. Qe3+ Qe7 11. Qxe7+ Kxe7 12. Nf5+ Kf8 13. Bxf6 gxf6 14.
Ne3 Ne7 15. g3 d6 16. Bg2 Rb8 17. Rc1 Be6 18. O-O Kg7 19. Rfd1 Rhd8 20. Rd2 Rd7
21. Nd5 Bxd5 22. cxd5 c5 23. dxc6 bxc6 24. Rc3 Rdb7 25. b3 d5 26. e4 dxe4 27.
Bxe4 Rc7 28. Rd6 Rb5 29. Rc4 Ra5 30. Bb1 Re5 31. Kf1 Re6 32. Rg4+ 1-0

[Event "52nd Rubinstein Mem"]
[Site "Polanica Zdroj POL"]
[Date "2016.08.21"]
[Round "2.2"]
[White "Zaleski, Lukasz"]
[Black "Pavlov, Sergey2"]
[Result "0-1"]
[BlackTitle "IM"]
[WhiteElo "2219"]
[BlackElo "2473"]
[WhiteFideId "1172611"]
[BlackFideId "14114330"]
[EventDate "2016.08.20"]

1. e4 e5 2. Nf3 Nc6 3. Bc4 g6 4. O-O Bg7 5. c3 d6 6. h3 Nf6 7. Re1 O-O 8. d4 h6
9. Bb3 Nh5 10. Be3 Na5 11. Bc2 Nc4 12. Bc1 Qf6 13. b3 Nb6 14. Bb2 Nf4 15. c4 Rd8
16. Nbd2 Nd7 17. b4 exd4 18. Bxd4 Ne5 19. Nxe5 dxe5 20. Be3 Bxh3 21. Bxf4 exf4
22. e5 Qg5 23. Be4 f3 24. Qxf3 Bg4 25. Qg3 Bxe5 26. Nf3 Bxf3 27. Qxf3 Bxa1 28.
Rxa1 c6 29. Re1 Re8 30. Rd1 Rad8 31. Rxd8 Qxd8 32. b5 Qd4 0-1

[Event "52nd Rubinstein Mem"]
[Site "Polanica Zdroj POL"]
[Date "2016.08.21"]
[Round "2.3"]
[White "Kowalczyk, Rafal"]
[Black "Malaniuk, Vladimir P"]
[Result "0-1"]
[BlackTitle "GM"]
[WhiteElo "2215"]
[BlackElo "2471"]
[WhiteFideId "1133853"]
[BlackFideId "14100177"]
[EventDate "2016.08.20"]

1. e4 d6 2. d4 Nf6 3. Nc3 g6 4. h3 Bg7 5. Nf3 O-O 6. Be3 c6 7. Bd3 Nbd7 8. O-O
e5 9. b4 Re8 10. dxe5 Nxe5 11. Nxe5 dxe5 12. Bc4 Qc7 13. Kh2 Nh5 14. g3 Nf4 15.
gxf4 exf4 16. Bd2 Qd7 17. Rh1 Bxc3 18. Bxc3 Qxh3+ 19. Kg1 Qxc3 20. Bb3 Bg4 21.
Qe1 Qf3 0-1

[Event "52nd Rubinstein Mem"]
[Site "Polanica Zdroj POL"]
[Date "2016.08.21"]
[Round "2.4"]
[White "Chmiel, Marcin"]
[Black "Shishkin, Vadim UKR"]
[Result "1/2-1/2"]
[BlackTitle "GM"]
[WhiteElo "2194"]
[BlackElo "2469"]
[WhiteFideId "1135503"]
[BlackFideId "14101696"]
[EventDate "2016.08.20"]

1. e4 c5 2. Nf3 Nc6 3. d4 cxd4 4. Nxd4 Nf6 5. Nc3 d6 6. Bg5 Bd7 7. Be2 Qa5 8.
Bxf6 gxf6 9. O-O Nxd4 10. Qxd4 Rc8 11. a4 Qc5 12. Qd1 a6 13. Bg4 e6 14. Qf3 Be7
15. Rfe1 Rc7 16. Re3 Rg8 17. Bh3 Bc6 18. Rb1 b5 19. axb5 axb5 20. b4 Qb6 21. Qh5
Rg6 22. Qxh7 Bf8 23. Nd5 Bxd5 24. exd5 e5 25. Ra3 Ra7 26. Rba1 Rxa3 27. Rxa3 Qb7
28. Rc3 Qxd5 29. Rc8+ Ke7 30. Rc7+ Kd8 31. Rc8+ Ke7 32. Rc7+ Kd8 33. Rc8+ Ke7
34. g3 Qd1+ 35. Bf1 f5 36. Rc7+ 1/2-1/2

[Event "52nd Rubinstein Mem"]
[Site "Polanica Zdroj POL"]
[Date "2016.08.21"]
[Round "2.5"]
[White "Socko, Monika"]
[Black "Czerw, Dawid"]
[Result "1-0"]
[WhiteTitle "GM"]
[WhiteElo "2454"]
[BlackElo "2179"]
[WhiteFideId "1106619"]
[BlackFideId "1145746"]
[EventDate "2016.08.20"]

1. d4 d5 2. c4 c6 3. cxd5 cxd5 4. Nc3 Nf6 5. Bf4 Nc6 6. e3 a6 7. Bd3 e6 8. Rc1
Bd6 9. Bxd6 Qxd6 10. f4 Bd7 11. Nf3 Ng4 12. Qe2 f5 13. Ne5 Ngxe5 14. fxe5 Qe7
15. O-O O-O 16. Qd2 Rac8 17. a3 Nd8 18. Ne2 Nf7 19. Qa5 Rxc1 20. Rxc1 Rc8 21.
Rxc8+ Bxc8 22. Nf4 Qd8 23. Qc5 Qf8 24. Qc3 g6 25. Kf2 Bd7 26. Ke2 Qc8 27. Kd2
Kf8 28. Qb4+ Ke8 29. Qb6 Ke7 30. Bc2 Qc6 31. Qa7 Kd8 32. Nd3 Bc8 33. Nc5 Qc7 34.
Bd3 Nh6 35. h3 Ng8 36. b4 Ne7 37. Qa8 Qb6 38. Qb8 Qc6 39. a4 Qb6 40. Nxa6 f4 41.
a5 fxe3+ 42. Kxe3 Nf5+ 43. Bxf5 Qxa6 44. Bd3 Qc6 45. Kd2 Qa4 46. Qd6+ Ke8 47.
Qc5 Bd7 48. Qc3 Kd8 49. Bc2 Qb5 50. Ke1 Ke8 51. Qc5 Qa6 52. Kf2 Kf7 53. h4 Bc6
54. h5 gxh5 55. Bxh7 Qa8 56. Qc3 Kg7 57. Bc2 Qf8+ 58. Kg3 Qe7 59. Kh3 Be8 60.
Qg3+ Kh8 61. Qd3 Qc7 62. Bb1 Kg8 63. Qg3+ Kh8 64. Qf3 Qe7 65. Qf6+ Qxf6 66. exf6
Kg8 67. Kh4 Kf7 68. Kg5 1-0

[Event "52nd Rubinstein Mem"]
[Site "Polanica Zdroj POL"]
[Date "2016.08.21"]
[Round "2.6"]
[White "Goslawski, Michal"]
[Black "Szelag, Marcin"]
[Result "1/2-1/2"]
[BlackTitle "IM"]
[WhiteElo "2168"]
[BlackElo "2443"]
[WhiteFideId "1171259"]
[BlackFideId "1112228"]
[EventDate "2016.08.20"]

1. Nf3 Nf6 2. c4 g6 3. Nc3 Bg7 4. d4 d6 5. e4 O-O 6. Be2 e5 7. O-O Nc6 8. dxe5
dxe5 9. Bg5 Qxd1 10. Rfxd1 Bg4 11. h3 Bxf3 12. Bxf3 Nd4 13. Nd5 Nxd5 14. cxd5 f5
15. Rac1 Rf7 16. Kf1 Nxf3 17. gxf3 Bf8 18. Be3 Bd6 19. Rd3 Kf8 20. Rb3 b6 21.
Rc4 Ke7 22. Ra4 Kd7 23. Ke2 a5 24. Rc4 Raf8 25. Bh6 Rg8 26. Be3 f4 27. Bd2 g5
28. Rb5 h5 29. a4 g4 30. fxg4 hxg4 31. hxg4 Rxg4 32. Kf3 Rh4 33. b4 Rh3+ 34. Ke2
f3+ 35. Ke3 Rh1 36. bxa5 Bc5+ 37. Rcxc5 bxc5 38. a6 Ra1 39. a7 Rxa4 40. Ba5 Ra3+
41. Kd2 Rf8 42. Rb8 1/2-1/2

[Event "52nd Rubinstein Mem"]
[Site "Polanica Zdroj POL"]
[Date "2016.08.21"]
[Round "2.7"]
[White "Psyk, Radoslaw"]
[Black "Lewtak, Damian"]
[Result "1/2-1/2"]
[WhiteElo "2161"]
[BlackElo "2389"]
[WhiteFideId "1182838"]
[BlackFideId "1141724"]
[EventDate "2016.08.20"]

1. e4 c5 2. Nc3 Nc6 3. f4 g6 4. Nf3 Bg7 5. Bb5 Nd4 6. Bd3 d6 7. Nxd4 cxd4 8. Ne2
e6 9. O-O Ne7 10. Qe1 f5 11. exf5 exf5 12. Qf2 Qb6 13. b3 Be6 14. Bb2 Nc6 15. a4
Kf7 16. a5 Nxa5 17. Bxd4 Bxd4 18. Nxd4 Nc6 19. Nxc6 bxc6 20. Ra6 Qxf2+ 21. Kxf2
Rhc8 22. Rfa1 Rc7 23. b4 Bd7 24. Bc4+ Ke7 25. Re1+ Kd8 26. Bg8 Bc8 27. Ra3 Rg7
28. Ba2 Rb8 29. c3 Rbb7 30. Bc4 Rbe7 31. Rxe7 Rxe7 32. g3 Rc7 33. Ke3 Ke7 34.
Kd4 Kf6 35. Ra5 h6 36. Ba6 Be6 37. Bc4 Bc8 1/2-1/2

[Event "52nd Rubinstein Mem"]
[Site "Polanica Zdroj POL"]
[Date "2016.08.21"]
[Round "2.8"]
[White "Piotrowski, Przemyslaw"]
[Black "Farkas, Gabor1"]
[Result "0-1"]
[BlackTitle "FM"]
[WhiteElo "2155"]
[BlackElo "2368"]
[WhiteFideId "1127063"]
[BlackFideId "14908034"]
[EventDate "2016.08.20"]

1. e4 c5 2. Nf3 d6 3. d4 cxd4 4. Nxd4 Nf6 5. Nc3 a6 6. Nb3 Nbd7 7. g4 h6 8. Be3
Qc7 9. f3 b5 10. a3 Bb7 11. Qd2 e6 12. O-O-O d5 13. Bf4 e5 14. Bg3 Rc8 15. exd5
Bxa3 16. Bxe5 Nxe5 17. Nxb5 axb5 18. Bxb5+ Nfd7 19. Bxd7+ Qxd7 20. Rhe1 O-O 21.
Rxe5 Bd6 22. Re4 Qc7 23. Kb1 Bxd5 24. Qxd5 Qxc2+ 25. Ka2 Ra8+ 26. Na5 Rxa5+ 27.
Qxa5 Qxd1 0-1

[Event "52nd Rubinstein Mem"]
[Site "Polanica Zdroj POL"]
[Date "2016.08.21"]
[Round "2.9"]
[White "Leks, Maria"]
[Black "Tomczak, Mikolaj"]
[Result "1/2-1/2"]
[WhiteTitle "WCM"]
[BlackTitle "FM"]
[WhiteElo "2142"]
[BlackElo "2298"]
[WhiteFideId "1134957"]
[BlackFideId "1175114"]
[EventDate "2016.08.20"]

1. e4 e6 2. d4 d5 3. Nd2 c5 4. Ngf3 cxd4 5. exd5 Qxd5 6. Bc4 Qd6 7. O-O Nc6 8.
Nb3 Nf6 9. Nbxd4 Nxd4 10. Nxd4 a6 11. a4 Be7 12. Be3 O-O 13. Qf3 Qc7 14. Bb3 Nd7
15. c3 b6 16. Bc2 Bb7 17. Qh3 g6 18. Rad1 Bd5 19. f4 f5 20. Nf3 Rad8 21. Ng5
Bxg5 22. fxg5 Nc5 23. Qg3 e5 24. Qf2 f4 25. Bxc5 bxc5 26. b4 Bc4 27. Rfe1 Rxd1
28. Rxd1 cxb4 29. cxb4 Qe7 30. Qc5 Qxc5+ 31. bxc5 Rc8 32. Rc1 Bd5 33. Bd3 Rc6
34. Kf2 Kf7 35. g3 e4 36. Bf1 f3 37. Ke3 Re6 38. Rb1 a5 39. Rd1 Bb3 40. Rd7+ Re7
41. Rxe7+ Kxe7 42. Kxe4 f2 43. Ke3 Ke6 44. Kxf2 Kd5 45. Bb5 Kxc5 46. Ke3 Kb4 47.
Kd4 Bxa4 48. Bxa4 Kxa4 49. Kc4 Ka3 50. Kc3 Ka4 51. Kc4 Ka3 52. Kc3 Ka2 53. Kc2
a4 54. h3 Ka3 55. Kc3 Ka2 56. Kc2 Ka3 57. Kc3 Ka2 58. Kc2 1/2-1/2

[Event "52nd Rubinstein Mem"]
[Site "Polanica Zdroj POL"]
[Date "2016.08.21"]
[Round "2.10"]
[White "Chomczyk, Marek"]
[Black "Zochowski, Kacper"]
[Result "1-0"]
[WhiteElo "2131"]
[BlackElo "2275"]
[WhiteFideId "1125826"]
[BlackFideId "1125494"]
[EventDate "2016.08.20"]

1. d4 Nf6 2. Nf3 e6 3. Bf4 d5 4. h3 c5 5. c3 Bd6 6. Bxd6 Qxd6 7. e3 O-O 8. Nbd2
Nc6 9. Bb5 b6 10. O-O Bb7 11. Re1 Ne7 12. Bf1 Rfd8 13. Qa4 Rac8 14. Ne5 Qb8 15.
Rad1 Nf5 16. Ba6 Nd6 17. Rc1 h6 18. Red1 Nfe4 19. Nxe4 Nxe4 20. Bd3 Nf6 21. Bb1
Qc7 22. Qc2 Kf8 23. Qe2 Nd7 24. f4 Nf6 25. f5 exf5 26. Bxf5 Ra8 27. Rf1 Re8 28.
Ng4 Nxg4 29. Qxg4 Bc8 30. Rf3 Bxf5 31. Qxf5 cxd4 32. Qh7 dxe3 33. Re1 Qc5 34. b4
Qxc3 35. Qh8+ Ke7 36. Rexe3+ Kd6 37. Rxe8 1-0

[Event "52nd Rubinstein Mem"]
[Site "Polanica Zdroj POL"]
[Date "2016.08.21"]
[Round "2.11"]
[White "Grela, Kacper"]
[Black "Pacan-Milej, Kosma"]
[Result "0-1"]
[WhiteTitle "FM"]
[WhiteElo "2274"]
[BlackElo "2127"]
[WhiteFideId "1154141"]
[BlackFideId "21800537"]
[EventDate "2016.08.20"]

1. e4 c5 2. Nf3 d6 3. d4 cxd4 4. Nxd4 Nf6 5. Nc3 a6 6. Bg5 Nbd7 7. Bc4 Qb6 8.
Bb3 e6 9. O-O Be7 10. Bxe6 fxe6 11. Nxe6 Kf7 12. Nd5 Nxd5 13. exd5 Nf6 14. Re1
Bxe6 15. Rxe6 Rae8 16. Qe2 h6 17. Bh4 Qd4 18. Re1 Qxh4 19. Rxe7+ Rxe7 20. Qxe7+
Kg6 21. Qxd6 Qd4 22. Qg3+ Kh7 23. h3 Qxd5 24. Re7 Rg8 25. Kh2 b5 26. a3 Nh5 27.
Qc7 Qc4 28. Qe5 Qf4+ 29. Qxf4 Nxf4 30. g3 Nd5 31. Ra7 Rc8 32. c3 Rc6 33. g4 Nf4
34. Rd7 Ng6 35. Rd5 Nf4 36. Rd2 Ne6 37. Kg3 Nc5 38. f3 Na4 39. h4 Nb6 40. f4 Nc4
41. Re2 Rd6 42. Kf3 h5 43. f5 hxg4+ 44. Kxg4 Kg8 45. Kg5 Rd2 46. Re8+ Kf7 47.
Ra8 Rd6 48. Ra7+ Kg8 49. b3 Nxa3 50. Rc7 Nc2 51. c4 Nd4 52. c5 Rc6 53. Rxc6 Nxc6
54. f6 a5 55. fxg7 Kxg7 56. Kf5 a4 57. Ke4 a3 58. Kd5 Nb4+ 59. Kd4 0-1

[Event "52nd Rubinstein Mem"]
[Site "Polanica Zdroj POL"]
[Date "2016.08.21"]
[Round "2.12"]
[White "Kokoszczynski, Jan"]
[Black "Gumularz, Szymon"]
[Result "0-1"]
[WhiteElo "1954"]
[BlackElo "2260"]
[WhiteFideId "1174460"]
[BlackFideId "1188062"]
[EventDate "2016.08.20"]

1. d4 Nf6 2. c4 e6 3. Nf3 c5 4. d5 b5 5. dxe6 fxe6 6. cxb5 d5 7. e3 Bd6 8. Nbd2
O-O 9. Be2 Bb7 10. O-O e5 11. e4 d4 12. Qc2 Qe7 13. b3 a6 14. Bb2 axb5 15. Bxb5
Na6 16. a3 Nc7 17. Bc4+ Kh8 18. Rfe1 Nh5 19. g3 Rf6 20. Be2 Raf8 21. Nh4 Rxf2
22. Bf3 g5 23. Nf5 Rxf5 24. Kxf2 Rf8 25. Kg1 Nf6 26. Rf1 Ne6 27. Nc4 Bc7 28.
Rae1 Rd8 29. Rd1 g4 30. Bg2 Ng5 31. Qe2 Ba8 32. Rf5 Nf3+ 33. Bxf3 gxf3 34. Rxf3
Nxe4 35. Rf5 Rg8 36. Rd3 Qe6 37. Rh5 Nf6 38. Rxe5 Bxe5 39. Qxe5 Qc6 40. Ne3 Re8
41. Qf4 Rxe3 0-1

[Event "52nd Rubinstein Mem"]
[Site "Polanica Zdroj POL"]
[Date "2016.08.21"]
[Round "2.13"]
[White "Karpus, Michal"]
[Black "Ochowicz, Jakub"]
[Result "1/2-1/2"]
[WhiteTitle "FM"]
[WhiteElo "2240"]
[BlackElo "2069"]
[WhiteFideId "1174088"]
[BlackFideId "1182714"]
[EventDate "2016.08.20"]

1. e4 c5 2. Nf3 e6 3. d4 cxd4 4. Nxd4 a6 5. Be2 Nf6 6. Nc3 d6 7. f4 Be7 8. O-O
b5 9. Bf3 e5 10. Nf5 Bxf5 11. exf5 Qb6+ 12. Kh1 Nc6 13. Qe1 O-O 14. Be3 Qc7 15.
Qg3 Kh8 16. Nd5 Nxd5 17. Bxd5 Rac8 18. c3 Bf6 19. Rad1 Ne7 20. fxe5 dxe5 21. Bb3
Rcd8 22. Qf3 Nc8 23. Qf2 Rxd1 24. Rxd1 Rd8 25. Rxd8+ Qxd8 26. Bxf7 Qd1+ 27. Qg1
Qc2 28. Qc1 Qxf5 29. Qd1 Bg5 30. Bxg5 Qxf7 31. h3 h6 32. Be3 Ne7 33. Qd7 Kh7 34.
Kg1 Qf6 35. a4 bxa4 36. Qxa4 Qf5 1/2-1/2

[Event "52nd Rubinstein Mem"]
[Site "Polanica Zdroj POL"]
[Date "2016.08.21"]
[Round "2.14"]
[White "Kiedowski, Artur"]
[Black "Nowak, Kamil"]
[Result "0-1"]
[WhiteElo "1709"]
[BlackElo "2240"]
[WhiteFideId "21844526"]
[BlackFideId "1168681"]
[EventDate "2016.08.20"]

1. d4 d5 2. Nf3 Nf6 3. c4 c6 4. cxd5 cxd5 5. Nc3 Nc6 6. Bg5 Ne4 7. Bd2 Nxd2 8.
Qxd2 Bf5 9. e3 e6 10. Be2 Bd6 11. O-O O-O 12. Rac1 Qe7 13. h3 Rac8 14. Bd3 Bxd3
15. Qxd3 a6 16. Nd2 f5 17. f4 g5 18. g3 Kh8 19. Kh2 Rg8 20. Rg1 Qg7 21. Nb3 Qh6
22. Qf1 gxf4 23. exf4 Rg6 24. a3 Rcg8 25. Ne2 Qg7 26. Qf3 Be7 27. Rg2 Bf6 28.
Rd1 a5 29. Qe3 Rh6 30. Qxe6 Rxh3+ 31. Kg1 a4 32. Qxf5 Qh6 33. Kf2 axb3 34. Qxd5
Rd8 35. Qxb3 Nxd4 36. Nxd4 Bxd4+ 37. Rxd4 Rxd4 38. Qc3 Qf6 39. Qc8+ Rd8 40. Qxh3
Qxb2+ 41. Kg1 Rd1+ 42. Kh2 Qc1 0-1

[Event "52nd Rubinstein Mem"]
[Site "Polanica Zdroj POL"]
[Date "2016.08.21"]
[Round "2.15"]
[White "Voloshin, Leonid"]
[Black "Janulek, Dawid"]
[Result "1-0"]
[WhiteTitle "GM"]
[WhiteElo "2425"]
[BlackElo "2046"]
[WhiteFideId "311111"]
[BlackFideId "1158597"]
[EventDate "2016.08.20"]

1. d4 d5 2. c4 c6 3. e3 Nf6 4. Nc3 e6 5. Nf3 Nbd7 6. Qc2 Bd6 7. Bd2 O-O 8. Be2
b6 9. O-O Bb7 10. a4 c5 11. cxd5 Nxd5 12. Nxd5 Bxd5 13. e4 Bb7 14. Bc3 cxd4 15.
Bxd4 e5 16. Bc3 Qe7 17. a5 Nf6 18. Bd3 Rac8 19. Qe2 Rfd8 20. Rfd1 h6 21. g3 g6
22. Kg2 Kh7 23. h3 Kg7 24. Kh2 Kh7 25. Kg2 Kg7 26. Rac1 Kh7 27. Bc2 Bc7 28. Rxd8
Rxd8 29. axb6 axb6 30. Kh2 Kg7 31. Ra1 Kh7 32. Ra7 Bb8 33. Ra1 Bc7 34. Qe3 Kg7
35. Bd2 Ng8 36. Rc1 Rc8 37. Bb1 Bd8 38. Rxc8 Bxc8 39. Qc3 Bc7 40. Qc6 Qd7 41.
Qxd7 Bxd7 42. Bb4 Bc6 43. Nd2 Nf6 44. Kg2 Nd7 45. Kf3 f6 46. Ke3 Nc5 47. Ba2 g5
48. Bc4 Kf8 49. Be6 Ke7 50. Bf5 Ba4 51. Ba3 Bb5 52. Bg4 Bd6 53. Be2 Bd7 54. Bg4
Bb5 55. Be2 Bd7 56. Nc4 b5 57. Nxd6 Kxd6 58. h4 Kc6 59. h5 Be6 60. Bd1 Bf7 61.
Bg4 Bc4 62. Bf5 Bb3 63. Bg6 Bd1 64. Bb4 Kb6 65. f4 Bg4 66. fxe5 fxe5 67. Bc3 Nd7
68. Bf5 Bxf5 69. exf5 Kc6 70. Ke4 Kd6 71. Bb4+ Kc6 72. Be7 1-0

[Event "52nd Rubinstein Mem"]
[Site "Polanica Zdroj POL"]
[Date "2016.08.21"]
[Round "2.16"]
[White "Kucza, Karol"]
[Black "Maj, Pawel"]
[Result "1-0"]
[WhiteTitle "FM"]
[WhiteElo "2307"]
[BlackElo "2087"]
[WhiteFideId "1159755"]
[BlackFideId "21818290"]
[EventDate "2016.08.20"]

1. e4 c5 2. Nf3 d6 3. d4 cxd4 4. Nxd4 Nf6 5. Nc3 a6 6. Bg5 Nbd7 7. Bc4 e6 8. O-O
h6 9. Bh4 Qc7 10. Bxe6 fxe6 11. Nxe6 Qc4 12. Nxf8 Rxf8 13. Qxd6 Kf7 14. Rad1 Qc5
15. Qxc5 Nxc5 16. Bxf6 gxf6 17. Rd5 Ne6 18. Rfd1 Nf4 19. Rd6 Rg8 20. g3 Bg4 21.
R1d2 Nh3+ 22. Kf1 Ng5 23. Rb6 Rgd8 24. Rxb7+ Kg6 25. Rd3 f5 26. Rb6+ Kg7 27.
exf5 Rxd3 28. f6+ Kf7 29. cxd3 Re8 30. f4 Ne6 31. Ne4 Rd8 32. Rxa6 Rxd3 33. Nf2
Rf3 34. Kg2 1-0

[Event "52nd Rubinstein Mem"]
[Site "Polanica Zdroj POL"]
[Date "2016.08.21"]
[Round "2.17"]
[White "Dzieczkaniec, Piotr"]
[Black "Gierulski, Kamil"]
[Result "0-1"]
[WhiteElo "1833"]
[BlackElo "2216"]
[WhiteFideId "1129430"]
[BlackFideId "1163825"]
[EventDate "2016.08.20"]

1. e4 c5 2. Nf3 d6 3. Bb5+ Nd7 4. O-O a6 5. Bxd7+ Bxd7 6. c3 Nf6 7. Re1 e6 8. d4
cxd4 9. cxd4 d5 10. exd5 Nxd5 11. Nc3 Nxc3 12. bxc3 Be7 13. Ne5 O-O 14. Qb3 b5
15. Ba3 Bxa3 16. Qxa3 Re8 17. Re3 Bc8 18. Qb3 Bb7 19. Qd1 f6 20. Nd3 Re7 21. Qg4
Qd6 22. Rae1 Bd5 23. Nb4 Bc4 24. Qe4 Rc8 25. Rh3 g6 26. Ree3 Rg7 27. Rh6 a5 28.
Nc2 Bxa2 29. h4 f5 30. Qe5 Qxe5 31. Rxe5 Rb7 32. g4 fxg4 33. Ne3 Kg7 34. Nxg4
Rxc3 35. h5 Rc1+ 36. Kg2 Bd5+ 37. f3 Rbc7 38. Kf2 R7c2+ 39. Ke3 Rg2 40. hxg6
Rc3+ 41. Kf4 Rxg4+ 42. fxg4 Kxh6 43. gxh7 Kxh7 44. Kg5 Kg7 45. Re1 a4 46. Kh5 a3 0-1

[Event "52nd Rubinstein Mem"]
[Site "Polanica Zdroj POL"]
[Date "2016.08.21"]
[Round "2.18"]
[White "Dubinski, Mateusz"]
[Black "Mazalon, Mariusz"]
[Result "1-0"]
[WhiteTitle "CM"]
[WhiteElo "2202"]
[BlackElo "2057"]
[WhiteFideId "1125923"]
[BlackFideId "1103105"]
[EventDate "2016.08.20"]

1. d4 Nf6 2. c4 g6 3. Nc3 Bg7 4. e4 O-O 5. f3 c6 6. Be3 d5 7. e5 Nfd7 8. cxd5
Nb6 9. dxc6 Nxc6 10. f4 Nd5 11. Nxd5 Qxd5 12. Nf3 Bg4 13. Be2 Rfd8 14. h3 Bxf3
15. Bxf3 Qc4 16. Bxc6 Qxc6 17. O-O Rac8 18. Qd3 e6 19. Rac1 Qd5 20. b3 Bf8 21.
Rc4 b5 22. Rc2 Ba3 23. Rff2 a6 24. g4 Bc5 25. f5 Bb6 26. Rxc8 Rxc8 27. fxe6 fxe6
28. a4 Rd8 29. axb5 axb5 30. Rf4 Rf8 31. Rxf8+ Kxf8 32. Bf2 Ke8 33. Kh2 Kd7 34.
Kg3 Kc6 35. Qc3+ Kb7 36. Qb4 Kc6 37. Qc3+ Kb7 38. Kf4 Qg2 39. Qf3+ Qxf3+ 40.
Kxf3 Kc6 41. d5+ exd5 42. Bxb6 Kxb6 43. b4 Kc6 44. g5 d4 45. Ke4 d3 46. Kxd3 Kd5
47. e6 Kxe6 48. Ke4 1-0

[Event "52nd Rubinstein Mem"]
[Site "Polanica Zdroj POL"]
[Date "2016.08.21"]
[Round "2.19"]
[White "Kanicki, Krzysztof"]
[Black "Bajkowski, Marcin"]
[Result "1/2-1/2"]
[WhiteElo "2177"]
[BlackElo "1927"]
[WhiteFideId "1163450"]
[BlackFideId "1129139"]
[EventDate "2016.08.20"]

1. e4 e6 2. d4 d5 3. Nd2 Nf6 4. e5 Nfd7 5. Bd3 c5 6. c3 Nc6 7. Ne2 cxd4 8. cxd4
f6 9. exf6 Nxf6 10. Nf3 Bd6 11. O-O Qc7 12. Bg5 O-O 13. Bh4 Bd7 14. Bg3 Nh5 15.
Bxd6 Qxd6 16. Qd2 Rxf3 17. gxf3 Rf8 18. Kg2 Nf4+ 19. Nxf4 Rxf4 20. Bb5 Rxd4 21.
Qg5 h6 22. Qh5 Rf4 23. Rfe1 Rf5 24. Qh4 d4 25. Bd3 Rg5+ 26. Kh1 Ne5 27. Be4 Bc6
28. Bxc6 Qxc6 29. Qe4 Nxf3 30. Qxe6+ Kh7 31. Qxc6 bxc6 32. Re6 c5 33. Ra6 d3 34.
Rxa7 d2 35. Rd7 Re5 36. Kg2 Re1 37. Kxf3 Rxa1 38. Rxd2 Rxa2 39. Ke4 Ra8 40. Rc2
Rb8 41. Kd5 Kg6 42. Re2 Rc8 43. b3 Kf5 44. Rc2 Kf4 45. Rxc5 Rd8+ 46. Kc6 g5 47.
b4 Rd2 48. b5 Rxf2 49. b6 Kg4 50. b7 Rf8 51. Kb6 Rb8 52. Rc8 Rxb7+ 53. Kxb7 Kh3
54. Rh8 Kxh2 55. Rxh6+ Kg3 56. Rg6 Kf4 57. Kc6 g4 58. Kd5 g3 59. Kd4 Kf3 60.
Rf6+ Ke2 61. Re6+ Kf2 62. Rf6+ Ke2 63. Rg6 Kf2 64. Kd3 g2 65. Rf6+ Ke1 66. Re6+
Kf1 67. Rf6+ Ke1 68. Rg6 Kf2 69. Rxg2+ Kxg2 1/2-1/2

[Event "52nd Rubinstein Mem"]
[Site "Polanica Zdroj POL"]
[Date "2016.08.21"]
[Round "2.20"]
[White "Lis, Mateusz"]
[Black "Zebracki, Tomasz"]
[Result "0-1"]
[WhiteElo "1994"]
[BlackElo "2172"]
[WhiteFideId "1184733"]
[BlackFideId "1181521"]
[EventDate "2016.08.20"]

1. e4 e6 2. d3 c5 3. Nf3 Nc6 4. Nbd2 g6 5. g3 Bg7 6. Bg2 Nge7 7. O-O O-O 8. c3
d5 9. Qc2 b6 10. Re1 Bb7 11. Nf1 Rc8 12. Bf4 h6 13. Rad1 e5 14. Bc1 d4 15. c4 f5
16. h4 a6 17. N1d2 Nb4 18. Qb1 b5 19. exf5 Nxf5 20. a3 Nc6 21. cxb5 axb5 22.
Qa2+ Kh7 23. Ne4 Qe7 24. Bd2 Nd8 25. Rc1 Nd6 26. h5 gxh5 27. Nh4 Bxe4 28. dxe4
Qf7 29. Qxf7 Rxf7 30. Bh3 Rc6 31. b3 Ra7 32. a4 bxa4 33. bxa4 c4 34. Bb4 Rxa4
35. Bxd6 Rxd6 36. Nf5 Rb6 37. Ne7 d3 38. Bf5+ Kh8 39. Red1 Rb2 40. Nd5 Bf8 41.
Bd7 Ra7 42. Be8 Bc5 43. Rxc4 Bxf2+ 44. Kg2 Bd4+ 45. Kh3 Raa2 46. Bxh5 Rh2+ 47.
Kg4 Ra7 48. Rc7 Rxc7 49. Nxc7 d2 50. Nb5 Ne6 51. Bf7 Ng5 52. Nxd4 exd4 53. Bd5
Kg7 54. Ra1 Kf6 55. Rf1+ Kg6 56. Bb3 Re2 57. Bc2 Re1 58. e5+ d3 59. Bxd3+ Kg7 0-1